LEADER 01307nam a2200301 u 4500 001 000000043867 003 CaOOAMICUS 005 20110511123706.0 008 990415s1999 it u000 u ita u 020 $a8825006241 035 $a10820100 040 $aPUL(R)$bita 100 1 $aSaccone, Carlo.$0(OLS)http://pul/name/32063 245 10$aAllora Ismaele s'allontanò nel deserto :$bi percorsi dell'Islam da Maometto ai nostri giorni /$cCarlo Saccone. 260 $aPadova :$bEdizioni Messaggero,$cc1999. 300 $a351 p. :$bdis. c. geogr. ;$c27 cm 490 1 $aStudi religiosi 500 $aContiene indici. 504 $aBibliografia in nota alla fine di ogni capitolo 650 4$aIslamismo$xStoria.$0(OLS)http://pul/subject/24633 830 0$aStudi religiosi.$0(OLS)http://pul/title/17157 850 $aPUL 852 $aPUL$W1$xDP1 Cons. Gen., Altre Classi 1$y22$m780 I 99$j59112$nBK-PRI$b $qStampati$B59112$CPULBib$Z2$F59112 $H $81 941 1 $a8 961 $aINV: 79868 996 $6020$a8825006241$9(OLS)http://pul/number/54686 996 $6245$aAllora Ismaele s'allontanò nel deserto :$bi percorsi dell'Islam da Maometto ai nostri giorni$9(OLS)http://pul/title/59167 996 $6260$aPadova :$bEdizioni Messaggero$9(OLS)http://pul/publisher/51217 LEADER 01141nam a2200277 u 4500 001 000000089040 003 CaOOAMICUS 005 20070226124557.0 008 051109s1954 it u000 u ita u 035 $a11067808 040 $aPUL(R)$bita 041 1 $aita$hfre 100 1 $aLebret, Louis Joseph,$cO.P.,$d1897-1966.$0(OLS)http://pul/name/41944 240 10$aRajeunir l'ezamen de conscience.$lItaliano.$0(OLS)http://pul/title/115019 245 10$aRingiovanire l'esame di coscienza /$cL.-J. Lebret e Th. Suavet. 260 $aRoma :$bStudium,$c1954. 300 $a166 p. ;$c21 cm 490 1 $aCollezione dell'orsa ;$v12 650 4$aCoscienza morale.$0(OLS)http://pul/subject/546 700 1 $aSuavet, Th.$0(OLS)http://pul/name/57779 830 0$aCollezione dell'orsa ;$v12.$0(OLS)http://pul/title/15944 850 $aPUL 852 $aPUL$W1$xDP1 Fondo Pastorale$y55$mP9 E 5$j112652$nBK-PRI$b $qFondi$B112652$CPULBib$Z2$F112652 $HPUL356 $81 941 1 $a1 996 $6245$aRingiovanire l'esame di coscienza$9(OLS)http://pul/title/115020 996 $6260$aRoma :$bStudium$9(OLS)http://pul/publisher/47892 LEADER 01122nam a2200265 u 4500 001 000000070652 003 CaOOAMICUS 005 20070226122038.0 008 020513s1979 it u000 u ita u 035 $a10929560 040 $aPUL(R)$bita 100 1 $aDe Maria, Amalia.$0(OLS)http://pul/name/34420 245 13$aIl pensiero religioso di Friedrich von Huegel /$cAmalia De Maria. 260 $aTorino :$bGiappichelli,$c1979. 300 $a223 p. ;$c25 cm 490 1 $aCollana di studi filosofici (G. Giappichelli) 504 $aComprende indicazioni bibliografiche. 600 14$aHügel, Friedrich,$cFreiherr von,$d1852-1925.$0(OLS)http://pul/subject/22801 830 0$aCollana di studi filosofici (G. Giappichelli).$0(OLS)http://pul/title/93111 850 $aPUL 852 $aPUL$W1$xDP1 Religione 1$y20$m481 G 16$j91418$nBK-PRI$b $qStampati$B91418$CPULBib$Z2$F91418 $H $81 941 1 $a8 961 $aINV: 48172 996 $6245$aIl pensiero religioso di Friedrich von Huegel$9(OLS)http://pul/title/93110 996 $6260$aTorino :$bGiappichelli$9(OLS)http://pul/publisher/48244